000 01329cam a2200265 i 4500
003 SA-RiAUC
005 20241103140341.0
008 241102q19001999sy g 00010 ara c
040 _aSA-JeALM
_bara
_cSA-RiAUC
_erda
072 7 _a028
082 0 4 _a258.4
090 _a258.4
_bا ب ن ق
100 1 _aابن قدامة، عبد الله بن أحمد،
_d541-620 هجري
_eمؤلف.
245 1 2 _aالكافي في فقه الإمام أحمد بن حنبل /
_bالجزء الثالث ومعه لمعة الاعتقاد والمسائل الماردينية ورفع الملام عن الائمة الاعلام
_cتأليف أبي محمد موفق الدين عبد الله بن قدامة المقدسي.
264 1 _a( د . م ):
_bالمكتب الإسلامي،
_c[بين 1900 و1999]
300 _a3 اجزاء ؛
_c25 سم
336 _aنص
_btxt
_2rdacontent
_3كتاب
337 _aبدون وسيط
_bn
_2rdamedia
338 _aمجلد
_bnc
_2rdacarrier
500 _aالجزء الثالث / ومعه لمعة الاعتقاد والمسائل الماردينية ورفع الملام عن الائمة الاعلام
650 7 _aالفقه الحنبلي
_2aucsh
650 7 _aالفقه الإسلامي
_xمذاهب
_2aucsh
942 _2ddc
_cBOOK
_n0
949 _aSA-JeALM
_d241102
_umohamedma123
_n1
999 _c2008
_d2008